000 00506nam a2200193Ia 4500
005 20250508153252.0
008 008 250505s9999 xx 000 0 eng d
037 _aTextual
040 _aFEDL
_beng
_cFEDL
041 _aeng
_2eng
084 _a370, WOO
_qFEDL
100 _aWood Hugh B.
_9345907
245 0 _aReadings in education
260 _aSeattle
_bCascade Pacific Books
_c1958
300 _a352p
650 _aEducation
942 _cTEXL
_h370, WOO
999 _c1341640
_d1341640